书目信息 |
| 题名: |
少年印刷工
|
|
| 作者: | 茅盾 著 | |
| 分册: | ||
| 出版信息: | 上海 少年儿童出版社 1982 |
|
| 页数: | 115页 | |
| 开本: | 21cm | |
| 丛书名: | ||
| 单 册: | ||
| 中图分类: | I286.4 | |
| 科图分类: | ||
| 主题词: | 儿童文学-小说--中国--现代 , 小说-儿童文学--中国--现代 | |
| 电子资源: | ||
| ISBN: | ||
| 000 | 00638nam0 2200241 45 | |
| 001 | 0182002706 | |
| 005 | 20060820104907.37 | |
| 010 | @dCNY0.59 | |
| 091 | @aR10024.3971 | |
| 100 | @a19950705d1982 cemy0chiy0121 ea | |
| 101 | 0 | @achi |
| 102 | @aCN@b310000 | |
| 105 | @ay z 000ay | |
| 200 | 10 | @a少年印刷工@Ashao nian yin shua gong@f茅盾著 |
| 210 | @a上海@c少年儿童出版社@d1982 | |
| 215 | @a115页@d21cm | |
| 606 | @a儿童文学-小说@y中国@z现代 | |
| 606 | @a小说-儿童文学@y中国@z现代 | |
| 690 | @aI286.4@v3 | |
| 701 | 0 | @a茅盾@Amao dun@4著 |
| 801 | 2 | @aCN@bNLC@c20060820 |
| 801 | 0 | @aCN@b上海图书馆@c20060809 |
| 905 | @dI286.4@e38 | |
| 少年印刷工/茅盾著.-上海:少年儿童出版社,1982 |
| 115页;21cm |
| ISBN :CNY0.59 |
| ● |
| 相关链接 |
|
|
|
|
正题名:少年印刷工
索取号:I286.4/38
 
预约/预借
| 序号 | 登录号 | 条形码 | 馆藏地/架位号 | 状态 | 备注 |
| 1 | 0070735 | 000891734 | 第二借阅区/ [索取号:I286.4/38] | 在馆 | |
| 2 | 0070736 | 000891789 | 第二借阅区/ [索取号:I286.4/38] | 在馆 | |
| 3 | 0070737 | 000891798 | 第二借阅区/ [索取号:I286.4/38] | 在馆 | |
| 4 | 0070738 | 000891805 | 第二借阅区/ [索取号:I286.4/38] | 在馆 | |
| 5 | 0070739 | 000891770 | 第一样本阅览室/ [索取号:I286.4/38] | 在馆 | |
| 6 | 0427009 | 204270092 | 密集书库/ [索取号:I286.4/38] | 在馆 | |
| 7 | 0450582 | 204505829 | 密集书库/ [索取号:I286.4/38] | 在馆 | |
| 8 | 0469045 | 204690450 | 密集书库/ [索取号:I286.4/38] | 在馆 |